000 00282nam a22001337a 4500
008 170320b xxu||||| |||| 00| 0 eng d
020 _a40776
041 _aeng
080 _22ND
_a616.8
100 _a7
101 _aSHM
245 _aMICRONEUROSURGERY
_cRAND, R.W
942 _2udc
_cBK
999 _c8114
_d8114